[Event "Schweinfurt op 29th"]
[Site "Schweinfurt"]
[Date "2019.06.20"]
[Round "2"]
[White "Lang, Stefan1111"]
[Black "Voelker, Joachim"]
[Result "1-0"]
[WhiteElo "2094"]
[BlackElo "1743"]
[PlyCount "51"]
[EventDate "2019.06.20"]
[EventType "swiss"]
[EventRounds "7"]
[EventCountry "GER"]
[SourceTitle "CBM 191 Extra"]
[Source "ChessBase"]
[SourceDate "2019.09.30"]
[SourceVersion "1"]
[SourceVersionDate "2019.09.30"]
[SourceQuality "1"]

1. c4 e6 2. Nc3 d5 3. g3 Nf6 4. Bg2 dxc4 5. Qa4+ c6 6. Qxc4 Be7 7. a3 Nbd7 8. b4 Nb6 9. Qb3 a6 10. Nf3 Nfd5 11. Ne4 Nf6 12. Nc3 Nfd5 13. 0-0 Nxc3 14. dxc3 Qd5 15. Qc2 Bf6 16. e4 Qh5 17. e5 Be7 18. c4 Nd7 19. Bb2 0-0 20. Rfe1 c5 21. Bc3 Rb8 22. b5 axb5 23. cxb5 b6 24. Nd2 Bb7 25. Bc6 Rfd8 26. Qe4 1-0

[Event "Unterfranken-ch69 Seniors"]
[Site "Schweinfurt"]
[Date "2018.04.04"]
[Round "3"]
[White "Schmitt, Wolfgang Max"]
[Black "Voelker, Joachim"]
[Result "1/2-1/2"]
[WhiteElo "1692"]
[BlackElo "1758"]
[PlyCount "33"]
[EventDate "2018.04.02"]
[EventType "swiss"]
[EventRounds "7"]
[EventCountry "GER"]
[SourceTitle "EXT 2019"]
[Source "ChessBase"]
[SourceDate "2018.10.10"]
[SourceVersion "1"]
[SourceVersionDate "2018.10.10"]
[SourceQuality "1"]

1. f4 d5 2. Nf3 c5 3. e3 Nc6 4. c3 a6 5. Be2 Bg4 6. d4 Bxf3 7. Bxf3 e6 8. 0-0 Nf6 9. Nd2 Bd6 10. Nb3 b6 11. Bd2 Qc7 12. Qe2 c4 13. Nc1 b5 14. a3 Ne4 15. Bxe4 dxe4 16. g3 f5 17. Kh1 1/2-1/2

[Event "Unterfranken-ch69 Seniors"]
[Site "Schweinfurt"]
[Date "2018.04.03"]
[Round "2"]
[White "Voelker, Joachim"]
[Black "Hinterleitner, Gerhard"]
[Result "1/2-1/2"]
[WhiteElo "1758"]
[BlackElo "1733"]
[PlyCount "24"]
[EventDate "2018.04.02"]
[EventType "swiss"]
[EventRounds "7"]
[EventCountry "GER"]
[SourceTitle "EXT 2019"]
[Source "ChessBase"]
[SourceDate "2018.10.10"]
[SourceVersion "1"]
[SourceVersionDate "2018.10.10"]
[SourceQuality "1"]

1. e4 e6 2. d4 d5 3. Nd2 dxe4 4. Nxe4 Nd7 5. Bd3 Ngf6 6. Nf3 Nxe4 7. Bxe4 Nf6 8. Bd3 Be7 9. 0-0 0-0 10. c3 b6 11. Ne5 Bb7 12. Qe2 Nd5 1/2-1/2

[Event "Schweinfurt op 23rd"]
[Site "Schweinfurt"]
[Date "2013.05.30"]
[Round "2"]
[White "Amtmann, Florian"]
[Black "Voelker, Joachim"]
[Result "1-0"]
[WhiteElo "2171"]
[BlackElo "1880"]
[PlyCount "73"]
[EventDate "2013.05.30"]
[EventType "swiss"]
[EventRounds "7"]
[EventCountry "GER"]
[SourceTitle "CBM 154 Extra"]
[Source "ChessBase"]
[SourceDate "2013.06.25"]
[SourceVersion "2"]
[SourceVersionDate "2013.06.25"]
[SourceQuality "1"]

1. d4 e6 2. e4 d5 3. e5 c5 4. c3 Nc6 5. Nf3 Bd7 6. a3 f6 7. Bd3 fxe5 8. dxe5 Be7 9. 0-0 c4 10. Bc2 a5 11. Qe2 a4 12. Nbd2 Na5 13. Nd4 g6 14. N2f3 Nb3 15. Bxb3 axb3 16. g3 Ra6 17. Kg2 Bf8 18. h4 h6 19. Nh2 h5 20. Bg5 Be7 21. Bf4 Bf8 22. Nhf3 Nh6 23. Bg5 Be7 24. Bxh6 Rxh6 25. Ng1 Bf8 26. Nh3 Qe7 27. Nf4 Kf7 28. Rh1 Kg7 29. g4 Qf7 30. Qf3 Bc5 31. gxh5 gxh5 32. Rh3 Ra8 33. Rg3+ Kh7 34. Kh2 Bxd4 35. cxd4 Rg8 36. Rg5 Be8 37. Rag1 1-0

[Event "Unterfranken-ch M2 63th"]
[Site "Schweinfurt"]
[Date "2012.04.14"]
[Round "9"]
[White "Link, Klaus"]
[Black "Voelker, Joachim"]
[Result "1/2-1/2"]
[WhiteElo "1892"]
[BlackElo "1653"]
[PlyCount "79"]
[EventDate "2012.04.09"]
[EventType "swiss"]
[EventRounds "9"]
[EventCountry "GER"]
[SourceTitle "EXT 2015"]
[Source "ChessBase"]
[SourceDate "2014.11.20"]
[SourceVersion "1"]
[SourceVersionDate "2014.11.20"]
[SourceQuality "1"]

1. c4 e6 2. d4 f5 3. Nc3 Nf6 4. g3 c6 5. Bg2 d5 6. e3 Bd6 7. c5 Bc7 8. b4 0-0 9. Nge2 Qe8 10. a4 Ne4 11. f3 Nxc3 12. Nxc3 e5 13. 0-0 f4 14. exf4 exf4 15. Ne2 fxg3 16. hxg3 Qg6 17. Qe1 Re8 18. Qf2 Bf5 19. Nf4 Qf7 20. Bd2 Nd7 21. Rfe1 Nf6 22. Rxe8+ Rxe8 23. Re1 Kf8 24. Bf1 Nh5 25. Rxe8+ Qxe8 26. Nxh5 Qxh5 27. Be1 Qg5 28. b5 Bf4 29. Qg2 Be3+ 30. Bf2 Bc2 31. a5 Bxf2+ 32. Qxf2 Qc1 33. a6 bxa6 34. b6 axb6 35. cxb6 Qb1 36. b7 Bg6 37. b8Q+ Qxb8 38. Bxa6 Qb1+ 39. Kh2 Qc2 40. Kg2 1/2-1/2

[Event "Unterfranken-ch M2 63th"]
[Site "Schweinfurt"]
[Date "2012.04.13"]
[Round "8"]
[White "Voelker, Joachim"]
[Black "Poppe, Wolfgang"]
[Result "1-0"]
[WhiteElo "1653"]
[BlackElo "1633"]
[PlyCount "59"]
[EventDate "2012.04.09"]
[EventType "swiss"]
[EventRounds "9"]
[EventCountry "GER"]
[SourceTitle "EXT 2015"]
[Source "ChessBase"]
[SourceDate "2014.11.20"]
[SourceVersion "1"]
[SourceVersionDate "2014.11.20"]
[SourceQuality "1"]

1. e4 e5 2. Nf3 Nc6 3. Bb5 Bc5 4. 0-0 Nge7 5. c3 a6 6. Ba4 b5 7. Bc2 0-0 8. d4 exd4 9. cxd4 Bb6 10. Bg5 f6 11. Be3 d6 12. h3 Ng6 13. Nc3 Nce7 14. Ne2 Bb7 15. Rc1 f5 16. Ng5 Qe8 17. Bb3+ d5 18. Ne6 Rf6 19. Nxc7 Rb8 20. e5 Rc6 21. Rxc6 Bxc6 22. Qd2 h6 23. f4 Bd7 24. Nc1 Nf8 25. Nd3 Ne6 26. Nb4 Nxc7 27. Rc1 a5 28. Rxc7 axb4 29. Qxb4 Qd8 30. Qd6 1-0

[Event "Unterfranken-ch HA 62th"]
[Site "Gerolzhofen"]
[Date "2011.04.26"]
[Round "2"]
[White "Voelker, Joachim"]
[Black "Hinterleitner, Gerhard"]
[Result "1/2-1/2"]
[WhiteElo "1608"]
[BlackElo "1756"]
[PlyCount "22"]
[EventDate "2011.04.25"]
[EventType "swiss"]
[EventRounds "9"]
[EventCountry "GER"]
[SourceTitle "EXT 2015"]
[Source "ChessBase"]
[SourceDate "2014.11.20"]
[SourceVersion "1"]
[SourceVersionDate "2014.11.20"]
[SourceQuality "1"]

1. e4 e6 2. d4 d5 3. exd5 exd5 4. Nf3 Nf6 5. Bd3 Bd6 6. 0-0 0-0 7. h3 h6 8. Re1 Re8 9. Rxe8+ Qxe8 10. Be3 Nbd7 11. c3 c6 1/2-1/2

[Event "Unterfranken-ch M2 59th"]
[Site "Rieneck"]
[Date "2008.03.28"]
[Round "7"]
[White "Voelker, Joachim"]
[Black "Bachmann, Wolfgang"]
[Result "0-1"]
[WhiteElo "1708"]
[BlackElo "1929"]
[PlyCount "108"]
[EventDate "2008.03.24"]
[EventType "swiss"]
[EventRounds "9"]
[EventCountry "GER"]
[SourceTitle "EXT 2015"]
[Source "ChessBase"]
[SourceDate "2014.11.20"]
[SourceVersion "1"]
[SourceVersionDate "2014.11.20"]
[SourceQuality "1"]

1. e4 c5 2. c3 d5 3. exd5 Qxd5 4. d4 Nf6 5. Nf3 e6 6. Na3 Nc6 7. Be2 cxd4 8. Nb5 Qd8 9. Nbxd4 Nxd4 10. Nxd4 Be7 11. 0-0 0-0 12. Bg5 a6 13. a4 Qc7 14. Nf3 Bd7 15. Qc1 Rad8 16. Bf4 Bd6 17. Bxd6 Qxd6 18. Rd1 Qc7 19. Qc2 Nd5 20. Re1 Nf4 21. Rf1 Ng6 22. Rad1 Bc6 23. Nd4 Be8 24. g3 Ne7 25. Bd3 g6 26. Be4 e5 27. Ne2 Bc6 28. c4 f5 29. Bxc6 Nxc6 30. Qc3 Qa5 31. Qc2 Qc5 32. b3 e4 33. Rxd8 Rxd8 34. Rd1 Nd4 35. Nxd4 Rxd4 36. Kf1 Kf7 37. Rxd4 Qxd4 38. Ke2 Ke6 39. Qd2 Qxd2+ 40. Kxd2 a5 41. Kc3 Kd6 42. b4 axb4+ 43. Kxb4 Kc6 44. c5 g5 45. Kc4 f4 46. gxf4 gxf4 47. Kd4 e3 48. fxe3 fxe3 49. Kxe3 Kxc5 50. Kd3 Kb4 51. a5 Kxa5 52. Kc3 Ka4 53. Kb2 Kb4 54. Kb1 Kb3 0-1

[Event "Bad Koenigshofen op 6th"]
[Site "Bad Koenigshofen"]
[Date "2007.12.27"]
[Round "4"]
[White "Voelker, Joachim"]
[Black "Vogt, Thomas"]
[Result "1/2-1/2"]
[WhiteElo "1620"]
[BlackElo "2072"]
[PlyCount "119"]
[EventDate "2007.12.26"]
[EventType "swiss"]
[EventRounds "7"]
[EventCountry "GER"]
[SourceTitle "CBM 122 Extra"]
[Source "ChessBase"]
[SourceDate "2008.03.04"]
[SourceVersion "1"]
[SourceVersionDate "2008.03.04"]
[SourceQuality "1"]

1. e4 e5 2. Nf3 Nc6 3. Bb5 a6 4. Bxc6 dxc6 5. 0-0 f6 6. d4 exd4 7. Nxd4 c5 8. Nb3 Qxd1 9. Rxd1 Bd6 10. Be3 b6 11. Nc3 Bb7 12. Nd5 0-0-0 13. f3 Ne7 14. Nxe7+ Bxe7 15. c3 a5 16. Kf2 Ba6 17. Rxd8+ Rxd8 18. Re1 Bd6 19. g3 Re8 20. Bd2 Kd7 21. Nc1 a4 22. a3 g6 23. Ne2 Kc6 24. Nf4 Bc4 25. Ng2 Kb5 26. Ne3 Be6 27. Bc1 h5 28. Bd2 h4 29. Nf1 Rh8 30. g4 Bc4 31. Kg1 Rd8 32. Bc1 g5 33. Ne3 Bf4 34. Nxc4 Kxc4 35. Bxf4 gxf4 36. Re2 Kd3 37. Kf2 Kc4 38. Ke1 Kb3 39. h3 Rd3 40. Kf2 Rd1 41. g5 fxg5 42. e5 Rd7 43. Ke1 b5 44. e6 Re7 45. Kd1 Kc4 46. Re5 Kd3 47. Ke1 b4 48. cxb4 cxb4 49. axb4 Kc4 50. Kd2 Kd4 51. Rxg5 Rxe6 52. Rf5 Kc4 53. Rxf4+ Kb3 54. b5 Rg6 55. Rg4 Rf6 56. Ke3 Re6+ 57. Re4 Rg6 58. Rg4 Re6+ 59. Re4 Rg6 60. Rg4 1/2-1/2

[Event "Unterfranken-ch HT 55th"]
[Site "Bad Koenigshofen"]
[Date "2004.04.16"]
[Round "7"]
[White "Ley, Peter"]
[Black "Voelker, Joachim"]
[Result "1/2-1/2"]
[WhiteElo "1723"]
[BlackElo "1640"]
[PlyCount "41"]
[EventDate "2004.04.12"]
[EventType "swiss"]
[EventRounds "9"]
[EventCountry "GER"]
[SourceTitle "EXT 2015"]
[Source "ChessBase"]
[SourceDate "2014.11.20"]
[SourceVersion "1"]
[SourceVersionDate "2014.11.20"]
[SourceQuality "1"]

1. d4 Nf6 2. c4 e6 3. Nc3 Bb4 4. Qc2 0-0 5. Bg5 b6 6. a3 Be7 7. e4 Bb7 8. Bd3 h6 9. Bh4 d6 10. Nge2 e5 11. 0-0 c5 12. d5 Nh5 13. Bxe7 Qxe7 14. f4 Nxf4 15. Nxf4 exf4 16. Rxf4 Nd7 17. Raf1 Ne5 18. Be2 Bc8 19. Nd1 Bd7 20. Ne3 g6 21. b3 1/2-1/2

[Event "Unterfranken-ch HT 54th"]
[Site "Moembris"]
[Date "2003.04.26"]
[Round "9"]
[White "Meyer, Christoph1111"]
[Black "Voelker, Joachim"]
[Result "1-0"]
[WhiteElo "1604"]
[BlackElo "1633"]
[PlyCount "79"]
[EventDate "2003.04.21"]
[EventType "swiss"]
[EventRounds "9"]
[EventCountry "GER"]
[SourceTitle "EXT 2015"]
[Source "ChessBase"]
[SourceDate "2014.11.20"]
[SourceVersion "1"]
[SourceVersionDate "2014.11.20"]
[SourceQuality "1"]

1. c4 Nf6 2. g3 c6 3. Bg2 d5 4. cxd5 cxd5 5. d4 g6 6. Nc3 Bg7 7. e3 0-0 8. Nge2 e6 9. 0-0 Bd7 10. Bd2 Ne8 11. Na4 Nd6 12. Bb4 Bc6 13. Rc1 Re8 14. Nc5 a5 15. Bc3 b6 16. Nd3 Ne4 17. Ne5 Nxc3 18. Rxc3 Bb5 19. a4 Ba6 20. Qd2 Bf8 21. Qc2 Bb4 22. Rc7 Bd6 23. Rc3 f6 24. Ng4 Bxe2 25. Qxe2 h5 26. Nh6+ Kg7 27. e4 Kxh6 28. g4 Bf4 29. Rh3 Ra7 30. Qf3 g5 31. Rxh5+ Kg7 32. exd5 exd5 33. Qd3 Rh8 34. Qf5 Rxh5 35. gxh5 Qe8 36. Bf3 Re7 37. h4 Re1 38. h6+ Kxh6 39. Qxf6+ Kh7 40. hxg5 1-0